Miasta w Polsce na literę J - Statystyki

Ogólne statystyki
  • Ten quiz został rozwiązany 247 razy
    45 od ostatniego zresetowania
  • Średni wynik to 20 z 34
Statystyki odpowiedzi
Liczba mieszkańców Województwo Miasto % Poprawnych
20 134 dolnośląskie Jawor
100%
85 695 śląskie Jaworzno
100%
34 870 podkarpackie Jarosław
96%
32 205 podkarpackie Jasło
92%
73 849 dolnośląskie Jelenia Góra
92%
26 260 wielkopolskie Jarocin
88%
80 843 śląskie Jastrzębie-Zdrój
88%
13 742 świętokrzyskie Jędrzejów
77%
1000 śląskie Janów
73%
2556 pomorskie Jastarnia
73%
21 175 mazowieckie Józefów
69%
2271 lubelskie Józefów
69%
10 665 lubelskie Janów Lubelski
62%
5377 małopolskie Jordanów
62%
14 817 dolnośląskie Jelcz-Laskowice
58%
5001 dolnośląskie Jaworzyna Śląska
54%
5429 podkarpackie Jedlicze
54%
776 lubelskie Józefów nad Wisłą
54%
2659 lubelskie Janów Podlaski
50%
4551 dolnośląskie Jedlina-Zdrój
50%
3955 lubuskie Jasień
46%
8166 wielkopolskie Jastrowie
46%
1667 podlaskie Jedwabne
46%
2887 warmińsko-mazurskie Jeziorany
42%
8011 kujawsko-pomorskie Janikowo
38%
3592 kujawsko-pomorskie Janowiec Wielkopolski
38%
1252 łódzkie Jeżów
38%
1834 wielkopolskie Jutrosin
38%
3598 kujawsko-pomorskie Jabłonowo Pomorskie
35%
897 mazowieckie Jadów
31%
3963 mazowieckie Jedlnia-Letnisko
31%
1184 mazowieckie Jastrząb
27%
1143 podkarpackie Jawornik Polski
23%
1374 wielkopolskie Jaraczewo
19%
Nie znaleziono quizów pasujących do podanych kryteriów
Rozkład punktacji
Procent ludzi z każdym wynikiem
Percentyl według liczby udzielonych odpowiedzi
Twoja historia wyników
Nie rozwiązałeś tego quizu od ostatniego zresetowania